000 00251nam a2200097Ia 4500
001 795933
005 20250826170737.0
008 250824s9999 xx 000 0 und d
245 0 _aSOSYAL ZAMAN VE DİN
_cCELALEDDİN ÇELİK
260 _bÇİZGİ YAYINLARI
999 _c795933
_d795933